000 00823nam a2200265Ia 4500
003 OSt
005 20221007120948.0
006 a|||||r|||| 00| 0
007 ta
008 221006b |||||||| |||| 00| 0 eng d
020 _a8180522555 (pbk)
024 _a83336
037 _b269, 21/01/2009, Dhanraj Book House
_cTextbook
040 _aBDL
_cBDL
_beng
041 _2eng
_aeng
082 _aB28ObG, P9 Carb
100 _aRastogi Veer Bala
_9435079
245 0 _aFundamentals of biostatistics
250 _a2
260 _aNew
_bDelhi Ane Books
_c2009
300 _axiii, 438p.
_ccm.
500 _aAppendices 395-422p.; Glossary 423-432p.; Index 433-438p.
942 _hB28ObG, P9 Carb
_cTB
_2CC
999 _c1208238
_d1208238